Příchozí. Kniha druhá, Uctívači Kruhů /
Pokračování fantasy série, ve kterém se tři děti s nevšedními schopnostmi snaží bránit před členy Kruhů.
Uloženo v:
| Série: | Příchozí,
část 2 |
|---|---|
| Hlavní autor: | |
| Médium: | E-kniha |
| Jazyk: | Czech |
| Vydáno: |
České Budějovice :
Kopp,
2021
|
| Vydání: | První vydání |
| Témata: | |
| Příbuzné jednotky: | Z cyklu::
Příchozí |
| Tagy: |
Žádné tagy |
| LEADER | 02320nam a2200457 i 4500 | ||
|---|---|---|---|
| 001 | 311514 | ||
| 003 | CZ PrSKC | ||
| 005 | 20260601215707.0 | ||
| 007 | ta | ||
| 008 | 210518s2021 xr c 000 f cze | ||
| 015 | |a cnb003319688 | ||
| 020 | |a 9788072325351 |q (brožováno) | ||
| 035 | |a (OCoLC)1274109679 | ||
| 040 | |a ABG001 |b cze |e rda | ||
| 072 | 7 | |a 821.162.3-3 |x Česká próza |2 Konspekt | |
| 072 | 7 | |a 821-93 |x Literatura pro děti a mládež (beletrie) |2 Konspekt | |
| 080 | |a 821.162.3-31 |2 MRF | ||
| 080 | |a 821-93 |2 MRF | ||
| 080 | |a (0:82-312.9) |2 MRF | ||
| 100 | 1 | |a Poklop, Vladimír |7 xx0260862 |4 aut | |
| 245 | 1 | 0 | |a Příchozí. |n Kniha druhá, |p Uctívači Kruhů / |c Vladimír Poklop |
| 246 | 3 | 0 | |a Uctívači Kruhů |
| 250 | |a První vydání | ||
| 264 | 1 | |a České Budějovice : |b Kopp, |c 2021 | |
| 300 | |a 304 stran ; |c 20 cm | ||
| 336 | |a text |b txt |2 rdacontent | ||
| 337 | |a bez média |b n |2 rdamedia | ||
| 338 | |a svazek |b nc |2 rdacarrier | ||
| 520 | 2 | |a Pokračování fantasy série, ve kterém se tři děti s nevšedními schopnostmi snaží bránit před členy Kruhů. |b Tlak organizace Kruhů na začlenění Marka a Alana do své struktury sílí. Oba se musí podrobit nátlaku a vyrazit do Centra na letní sraz nových adeptů. Odhalují zde historii Kruhů a jejich cíle. Připravené testy a konfrontace jejich vlastností s ostatními adepty je dostává postupně do izolace. Dokáží pomoci dívce, které hrozí větší nebezpečí než jim? Nakladatelská anotace. Kráceno. | |
| 655 | 7 | |a české romány |7 fd133974 |2 czenas | |
| 655 | 7 | |a fantasy romány |7 fd184199 |2 czenas | |
| 655 | 7 | |a publikace pro mládež |7 fd133157 |2 czenas | |
| 655 | 9 | |a Czech fiction |2 eczenas | |
| 655 | 9 | |a fantasy novels |2 eczenas | |
| 655 | 9 | |a juvenile literature |2 eczenas | |
| 787 | 0 | 8 | |i Z cyklu: |t Příchozí |g 2 |
| 900 | |a ABA001 |b 20 | ||
| 044 | |a xr | ||
| 910 | |a RBIT002 | ||
| 998 | |d 347453 |a https://core.palmknihy.cz/api/books/347453/cover?r8ff7i |b https://core.palmknihy.cz/api/books/347453/cover/400?r8ff7i |c https://core.palmknihy.cz/api/books/347453/cover/50?r8ff7i |e |g 312 |i 9788072325351 |j https://core.palmknihy.cz/api/books/347453/preview.epub |k https://core.palmknihy.cz/api/books/347453/preview.pdf |l |q 49 |r 1 |s https://www.palmknihy.cz/kniha/347453 |t ebook |y 2022 |z 0 |v Příchozí |w 2 | ||
| 999 | |d 311512 | ||